000 00443nam a22001697a 4500
005 20250305112306.0
008 200521b xxu||||| |||| 00| 0 eng d
020 _a978-93-80231-69-3
041 _aeng
082 _a344.5409 SIN
100 _aSINGH, J.S. AND BEHL, NISHI
_98600
245 _aLEGAL LANGUAGE WRITING & GENERAL ENGLISH
260 _aFaridabad
_bALLAHABAD LAW AGENCY
_c2018
300 _a486p.
650 _aLAW
942 _cBK
999 _c6407
_d6405